000 00411pab a2200157 454500
008 180718b2015 xxu||||| |||| 00| 0 eng d
100 _aMuller, Ralf
245 _aThe migration of methodologies for project management research
260 _c2015
300 _ap.3-5.
362 _aApr-May
650 _aResearch
650 _aProject Management
773 _aProject Management Journal
909 _a109367
999 _c109362
_d109362